| 000 | 00873cab a2200301 4500 | ||
|---|---|---|---|
| 001 | WB3308-34 | ||
| 008 | 090401t1997 xxu||||| |||| 00| 0 eng d | ||
| 035 | _a(Sirsi) u55638 | ||
| 041 | _aeng | ||
| 245 | _aSurvey: Singapore | ||
| 260 | _c1997 | ||
| 300 | _aLOAN | ||
| 350 | _a0 | ||
| 490 |
_aFinancial Times _v18 February 1997 (6) |
||
| 520 | _aA survey of Singapore looking at the retail sector, economy, politics, telecommunications and education. | ||
| 650 | _aECONOMY | ||
| 650 | _aCAREERS, EDUCATION AND TRAINING | ||
| 650 | _aELECTRONICS | ||
| 650 | _aFOREIGN POLICY | ||
| 650 | _aPOLITICS | ||
| 650 | _aPORT OF SINGAPORE | ||
| 650 | _aPROPERTY-COMMERCIAL PROPERTY-RETAIL PROPERTY-RETAIL PROPERTY MARKET | ||
| 650 | _aSINGAPORE | ||
| 650 | _aTELECOMMUNICATIONS | ||
| 690 | _aOVERSEAS-REST OF THE WORLD | ||
| 942 | _n0 | ||
| 948 | _c04/03/1997 | ||
| 999 |
_c34008 _d34008 |
||